Cấu trúc dữ liệu + giải thuật = chương trình

Enregistré dans:
Détails bibliographiques
Auteur principal: Nguyễn, Quốc Cường
Format: Livre
Langue:Undetermined
Publié: Hà Nội Giáo dục 1995
Sujets:
Tags: Ajouter un tag
Pas de tags, Soyez le premier à ajouter un tag!
Thư viện lưu trữ: Trung tâm Học liệu Trường Đại học Cần Thơ
LEADER 00575nam a2200169Ia 4500
001 CTU_5056
008 210402s9999 xx 000 0 und d
082 |a 005.73 
082 |b C561 
100 |a Nguyễn, Quốc Cường 
245 0 |a Cấu trúc dữ liệu + giải thuật = chương trình 
245 0 |c Nguyễn Quốc Cường 
260 |a Hà Nội 
260 |b Giáo dục 
260 |c 1995 
650 |a electronic data processing,information storage and retrieval systems 
980 |a Trung tâm Học liệu Trường Đại học Cần Thơ